Obeť hospodárskej konjunktúre Východiskom pre nemeckú menovú politiku je stabilita marky

Menová politika Nemecka. Postavenie nemeckej marky voči európskym menám. Nárast kurzu nemeckej meny. Dôsledky oslabenia dolára pre nemecké hospodárstvo. Obavy finančných expertov z výkyvov na menových trhoch. Obavy z nadhodnocovania nemeckej meny. Hodnota obchodnej výmeny Nemecka s krajinami východn...

Descrizione completa

Salvato in:
Dettagli Bibliografici
Autore principale: Janek, Miroslav
Natura: Capitolo di libro
Lingua:slovacco
Soggetti:
Tags: Aggiungi Tag
Nessun Tag, puoi essere il primo ad aggiungerne!!

MARC

LEADER 00000naa a2200000 4500
001 r017365
005 20221213100516.3
041 0 |a slo 
044 |a SK 
245 1 0 |a Obeť hospodárskej konjunktúre  |b Východiskom pre nemeckú menovú politiku je stabilita marky  |c Miroslav Janek 
520 |a Menová politika Nemecka. Postavenie nemeckej marky voči európskym menám. Nárast kurzu nemeckej meny. Dôsledky oslabenia dolára pre nemecké hospodárstvo. Obavy finančných expertov z výkyvov na menových trhoch. Obavy z nadhodnocovania nemeckej meny. Hodnota obchodnej výmeny Nemecka s krajinami východnej a strednej Európy. 
610 2 0 |a politika menová 
610 2 0 |a mena 
610 2 0 |a Nemecko 
610 2 0 |a konjunktúra hospodárska 
610 2 0 |a marka 
610 2 0 |a dolár 
610 2 0 |a kurz menový 
610 2 0 |a obchod zahraničný 
610 2 0 |a vývoz 
610 2 0 |a dovoz 
610 2 0 |a stredná Európa 
610 2 0 |a východná Európa 
100 1 |a Janek, Miroslav